Overcoming of Lag in the Capital to Labor Ratio in the Slovak Economy

Problém pomeru nízkeho kapitálu k pracovnej sile. Kombinácie fixných aktív na zamestnanca a odmeny zamestnancov. Relatívna úroveň fixného majetku na zamestnanca. Osobitosti tvorby kapitálovej štruktúry slovenskej ekonomike.

Enregistré dans:
Détails bibliographiques
Auteur principal: Morvay, Karol, 1973-
Autres auteurs: Hudcovský, Martin, 1988-
Format: Chapitre de livre
Langue:anglais
Sujets:
Tags: Ajouter un tag
Pas de tags, Soyez le premier à ajouter un tag!

MARC

LEADER 00000naa a2200000 4500
001 0247092
005 20250224095434.1
041 0 |a eng 
044 |a SK 
245 1 0 |a Overcoming of Lag in the Capital to Labor Ratio in the Slovak Economy  |c Karol Morvay, Martin Hudcovský 
520 |a Problém pomeru nízkeho kapitálu k pracovnej sile. Kombinácie fixných aktív na zamestnanca a odmeny zamestnancov. Relatívna úroveň fixného majetku na zamestnanca. Osobitosti tvorby kapitálovej štruktúry slovenskej ekonomike. 
610 2 0 |a Slovensko 
610 2 0 |a kapitál fixný 
610 2 0 |a kapitál ľudský 
610 2 0 |a štruktúra kapitálová 
610 2 0 |a sily pracovné 
100 1 |a Morvay, Karol, 1973- 
700 1 |a Hudcovský, Martin, 1988-